Вісті українських інженерів (Запис № 572153)

МАРК-запис
000 -Лідер
fixed length control field 00782 a2200217 4500
001 - Контрольний номер
control field 216222022
003 - Ідентифікатор контрольного номера
control field UA-OsUOA
005 - Дата та час останнього входження (трансакції)
control field 20220314110910.0
008 - Елементи даних фіксованої довжини – загальна інформація
fixed length control field 220209b un ||||| |||| 00| 0 ukr d
040 ## - Джерело каталогізації
Агенція оригінальної каталогізації UA-OsUOA
Мова каталогізації ukr
Агенція, яка здійснювала перезапис UA-OsUOA
Агенція, яка здійснювала модифікацію UA-OsUOA
041 ## - Код мови
Код мови тексту/ звукової доріжки чи окремого заголовка (П) ukr
080 ## - Індекс Універсальної десяткової класифікації
Індекс Універсальної десяткової класифікації (УДК) (НП) 050
090 ## - Локальний шифр розміщення
Класифікаційний індекс УДК 050
Авторський знак (НП) В53
245 ## - Відомості про назву
Назва (НП) Вісті українських інженерів
Назва частини/ розділу роботи Число присвячене професорові Степанові Прокоповичу Тимошенку
Номер частини/ розділу роботи (П) Ч.1. Р. ХХ
260 ## - Публікація, розповсюдження і т.п. (Вихідні дані)
Дата публікації, розповсюдження і т.п. (П) 1969
591 ## - Дарувальник
Прізвище та ініціали особи Ольга Матула
650 ## - Додаткове предметне введення – тематичний термін
Джерело заголовка чи терміна UDC
Тематичний термін чи географічна назва, як елемент введення (НП) 050 Періодика
942 ## - Додаткові елементи входу (Коха)
Тип елемента Koha Журнал
Source of classification or shelving scheme Universal Decimal Classification
955 ## - Код типу видання за змістом
Код типу видання за змістом (НП) інше
Фонди
Стан вилучень Стан втрат Джерело класифікації або схеми стелажів Стан уражень Не для кредиту Постійне місце розташування Поточне розміщення Дата придбання Джерело придбання Усього замовленно Повний номер виклику Штрих-код Дата останнього перегляду Ціна ефективна від Тип елемента Koha
    Universal Decimal Classification     Наукова бібліотека ІДУД Наукова бібліотека ІДУД 09/02/2022 Акт надходження № 1 (25.01.2022 від О. Матули)   050 В53 216222022 09/02/2022 09/02/2022 Журнал